zpět

Detail výsledku týmu

Harry, Brno

Datum a čas kvízu

34 Celkem bodů Celkový počet nahraných bodů na tomto kvízu bez doplňovacích otázek.
9. Pořadí na kvízu Konečné umístění týmu na tomto kvízu.

Zaznamenané odpovědi

# Otázka Odpověď Body Výsledky
1. Ručně a stručně vyřešila své p... v Brně 1
2. Vláda jedné země chystá poměrn... Austrálie 1
3. Minulý týden byl zveřejněn tea... Marty Pohl, Řezník 1
4. Minulý týden jsme se dozvěděli... 5 000 Kčs 0
5. V úterý byly zveřejněny podrob... Tadej Pogačar, Spojené arabské emiráty 0
6. Robin Hood je britsko-americký... Ridley Scott, Russel Crowe 1
7. Přiřaďte následující herce k p... 1A 2D 3B 4C 0
8. Německý film režiséra Edwarda... Na západní frontě klid, Erich Maria Remarque 1
9. Film Pianista byl natočen v ro... Adrien Brody, Roman Polański 0.5
10. Napište název filmu, z něhož p... Nepřítel před branami 1